000 00449nam a2200157 i 4500
001 89629
003 ES-MaACL
005 20230906180233.0
007 t|
008 050111s1933 ag ||||1| spa d
100 1 _aLavie Ortiz, Eduardo.
_970715
245 1 0 _aCosmogonía lunar
_b: poemas y otras fablas /
_cEduardo Lavié Ortiz.
260 _aBuenos Aires :
_b[Porter Hermanos],
_c1933.
300 _a197 p. ;
_c18 cm.
852 _aES-MaACL
_jA-4090
999 _c89629
_d89629